Management information systems: (Record no. 18630)

MARC details
000 -LEADER
fixed length control field 00994nam a2200253 a 4500
005 - DATE AND TIME OF LATEST TRANSACTION
control field 19900403133224.3
008 - FIXED-LENGTH DATA ELEMENTS--GENERAL INFORMATION
fixed length control field 851206s1986 flua b 001 0 eng
010 ## - LCCN (DPL NO)
LC control number ENG-91634
020 ## - INTERNATIONAL STANDARD BOOK NUMBER
International Standard Book Number 9788120334687
Terms of availability 525.00
035 ## - SYSTEM CONTROL NUMBER
System control number EN-75167
037 ## - SOURCE OF ACQUISITION
Source of stock number/acquisition DBAD / PUB
040 ## - CATALOGING SOURCE
Original cataloging agency dpl
Language of cataloging English
082 ## - DEWEY DECIMAL CLASSIFICATION NUMBER
Classification number 658.4038011
100 ## - MAIN ENTRY--PERSONAL NAME
Personal name Laudon, Kenneth C.
245 ## - TITLE STATEMENT
Title Management information systems:
Statement of responsibility, etc by Kenneth C. Laudon [and] Jane P. Laudon
Remainder of title managing the digital firm /
250 ## - EDITION STATEMENT
Edition statement 10th ed
260 ## - PUBLICATION, DISTRIBUTION, ETC. (IMPRINT)
Place of publication, distribution, etc New Delhi
Name of publisher, distributor, etc Prentice Hall of India
Date of publication, distribution, etc 2008
300 ## - PHYSICAL DESCRIPTION
Extent Various pagings
Other physical details ill. ;
Dimensions 28 cm. (pbk)
Accompanying material CD-ROM
500 ## - GENERAL NOTE
General note Includes references, glossary and index
650 ## - SUBJECT ADDED ENTRY--TOPICAL TERM
Topical term or geographic name as entry element Management information systems
700 ## - ADDED ENTRY--PERSONAL NAME
Personal name Laudon, Jane p.
942 ## - ADDED ENTRY ELEMENTS (KOHA)
Source of classification or shelving scheme Dewey Decimal Classification
Item type English Books
Call number suffix LAU
Classification part 658.4038011
Holdings
Withdrawn status Lost status Source of classification or shelving scheme Damaged status Not for loan Collection code Home library Current library Date acquired Source of acquisition Cost, normal purchase price Total Checkouts Full call number Barcode Date last seen Copy number Cost, replacement price Koha item type
    Dewey Decimal Classification   Not For Loan Non-fiction D.B.Act.Division D.B.Act.Division 18/11/2008 DBAD / PUB 525.00   658.4038011 LAU EN-75167 18/11/2008 1 525.00 English Books

© Delhi Public Library
Hit Counter
free hit counter